000 00397nam a2200157 a 4500
005 20140412111309.0
008 030416s19uu xx 00 eng d
020 _a0-394-84358-4
050 _aER
_bMy99
245 _aThe mystery box.
260 _aNew York :
_bRandom House.
300 _a1 v. (unp.) ; ill.
440 _aWalt Disney Productions
650 _aDucks--Fiction
999 _c103863
_d103863